000
00363nam a22001217a 4500
082
_a
345.5491 MAH
100
_a
Shaukat Mahmood
245
_a
The Code of Criminal Procedure : (Act V of 1898) as amended up-to-date
260
_a
Lahore
_b
Legal Research Centre
_c
2018
300
_a
4626p
942
_2
ddc
_c
BK
999
_c
540965
_d
540965